| 000 | 00741nam a22002417a 4500 | ||
|---|---|---|---|
| 005 | 20170124110140.0 | ||
| 010 | _aB-010775 | ||
| 020 |
_a8170367778 _c00.00 |
||
| 035 | _aB-010775 | ||
| 037 | _aCen Lib/Ret | ||
| 040 |
_aDPL _bEN |
||
| 082 |
_a155.90420954 _bPES |
||
| 100 |
_aPestoniee, D.M. _932725 |
||
| 245 |
_aStress and coping : _cby D.M. Pestoniee _bthe indian experience / |
||
| 250 | _a2nd ed | ||
| 260 |
_aNew Delhi _bSage publications _c1999 |
||
| 270 |
_aM-32, Market Greater Kailash _bNew Delhi _e110048 |
||
| 300 |
_a321p. _c22cm(Hb) |
||
| 500 | _aIncludes Index | ||
| 650 |
_aStress (Psychology) _zIndia _932726 |
||
| 650 |
_aStress management _zIndia _932727 |
||
| 942 |
_2ddc _cEN _h155.90420954 _mPES |
||
| 999 |
_c131768 _d131768 |
||